CELL BIOLOGY : FUNDAMENTALS & APPLICATION (Record no. 15030)
[ view plain ]
| 000 -LEADER | |
|---|---|
| fixed length control field | 00431cam a2200181ua 4500 |
| 008 - FIXED-LENGTH DATA ELEMENTS--GENERAL INFORMATION | |
| fixed length control field | 190424n2008 II |||gr||||Z||||||eng |
| 040 ## - CATALOGING SOURCE | |
| Original cataloging agency | MAIN |
| 041 ## - LANGUAGE CODE | |
| -- | English |
| 082 ## - DEWEY DECIMAL CLASSIFICATION NUMBER | |
| Classification number | 574.87 GUP |
| 100 ## - MAIN ENTRY--PERSONAL NAME | |
| Personal name | GUPTA , M.L . |
| 245 ## - TITLE STATEMENT | |
| Title | CELL BIOLOGY : FUNDAMENTALS & APPLICATION |
| 260 ## - PUBLICATION, DISTRIBUTION, ETC. | |
| Place of publication, distribution, etc. | JODHPUR |
| Name of publisher, distributor, etc. | AGROBIOS |
| Date of publication, distribution, etc. | 2008 |
| 300 ## - PHYSICAL DESCRIPTION | |
| Extent | 669: |
| Dimensions | 25CM. |
| 700 ## - ADDED ENTRY--PERSONAL NAME | |
| Personal name | JANGIR , M.L. |
| 942 ## - ADDED ENTRY ELEMENTS (KOHA) | |
| Koha item type | Books |
| 653 ## - INDEX TERM--UNCONTROLLED | |
| Uncontrolled term | Cell Biology |
| Withdrawn status | Lost status | Damaged status | Not for loan | Collection code | Home library | Current library | Shelving location | Date acquired | Total Checkouts | Full call number | Barcode | Date due | Date last seen | Date last checked out | Copy number | Price effective from | Koha item type | Public note |
|---|---|---|---|---|---|---|---|---|---|---|---|---|---|---|---|---|---|---|
| REFBOT | Central Library and Information Centre Sibsagar Girls College | Central Library and Information Centre Sibsagar Girls College | BOTANY BOOK RACK | 13.07.2008 | 3 | 574.87 GUP | 23344 | 07.08.2025 | 24.07.2025 | 24.07.2025 | 1 | 27.02.2020 | Books | V |